El neoliberalismo y el desarrollo económico (Registro nro. 22923)

Detalles MARC
000 -LEADER
fixed length control field 00345 a2200109 4500
001 - CONTROL NUMBER
control field ART_5616
005 - DATE AND TIME OF LATEST TRANSACTION
control field 20260410161828.0
008 - FIXED-LENGTH DATA ELEMENTS--GENERAL INFORMATION
fixed length control field 260409a
100 1# - MAIN ENTRY--PERSONAL NAME
Personal name Gutiérrez, Ricardo Raúl
245 10 - TITLE STATEMENT
Title El neoliberalismo y el desarrollo económico
773 0# - HOST ITEM ENTRY
Title Estudios Económicos
Related parts - Vol. 7, Nº 13/14 (ene./dic. 1989)
Record control number REV5080

No hay ítems disponibles.